书目信息 |
| 题名: |
沉思与对话:城市图书馆运营创新
|
|
| 作者: | 刘淑华 , 刘锦山 著 | |
| 分册: | ||
| 出版信息: | 北京 国家图书馆出版社 2014.3 |
|
| 页数: | 336页 | |
| 开本: | 24cm | |
| 丛书名: | ||
| 单 册: | ||
| 中图分类: | G258.22 | |
| 科图分类: | ||
| 主题词: | 市级图书馆--创新管理--研究 | |
| 电子资源: | ||
| ISBN: | 978-7-5013-5346-0 | |
| 000 | 00953nam0 2200241 450 | |
| 001 | 5823 | |
| 001 | 01CN10914775@CSLN | |
| 005 | 20161214091526.93 | |
| 010 | @a978-7-5013-5346-0@dCNY90.00 | |
| 100 | @a20140806d2014 em y0chiy50 ea | |
| 101 | 0 | @achi |
| 102 | @aCN@b110000 | |
| 105 | @aa z 000yd | |
| 200 | 1 | @a沉思与对话:城市图书馆运营创新@9chen si yu dui hua : cheng shi tu shu guan yun ying chuang xin@f刘淑华,刘锦山著 |
| 210 | @a北京@c国家图书馆出版社@d2014.3 | |
| 215 | @a336页@c照片@d24cm | |
| 330 | @a本书围绕“城市图书馆运营创新”这一主题展开。共分为“绪论”、“关于城市图书馆运营创新的思考”、“专访:城市图书馆运营创新”、“案例:城市图书馆运营创新案例研究”和“附录”五部分。 | |
| 606 | 0 | @a市级图书馆@x创新管理@x研究 |
| 690 | @aG258.22@v5 | |
| 701 | 0 | @a刘淑华@9liu shu hua@c(女)@c(蒙族)@4著 |
| 701 | 0 | @a刘锦山@9liu jin shan@c(图书馆)@4著 |
| 801 | 0 | @aCN@b大连网信软件有限公司图书馆·11@c20161214 |
| 905 | @aZUCC@dG258.22@e39 | |
| 沉思与对话:城市图书馆运营创新/刘淑华,刘锦山著.-北京:国家图书馆出版社,2014.3 |
| 336页:照片;24cm |
| ISBN 978-7-5013-5346-0:CNY90.00 |
| 本书围绕“城市图书馆运营创新”这一主题展开。共分为“绪论”、“关于城市图书馆运营创新的思考”、“专访:城市图书馆运营创新”、“案例:城市图书馆运营创新案例研究”和“附录”五部分。 |
| ● |
| 相关链接 |
|
|
|
|
正题名:沉思与对话:城市图书馆运营创新
索取号:G258.22/39
 
预约/预借
| 序号 | 登录号 | 条形码 | 馆藏地/架位号 | 状态 | 备注 |
| 1 | 913299 | 209132990 | 第一样本阅览室/ [索取号:G258.22/39] | 在馆 | |
| 2 | 913300 | 209133007 | 第四借阅区/ [索取号:G258.22/39] | 在馆 | |
| 3 | 913301 | 209133016 | 第四借阅区/ [索取号:G258.22/39] | 在馆 | |
| 4 | 913302 | 209133025 | 第四借阅区/ [索取号:G258.22/39] | 在馆 | |
| 5 | 913303 | 209133034 | 第四借阅区/ [索取号:G258.22/39] | 在馆 |